<?xml version="1.0" encoding="UTF-8"?>
<record
    xmlns:xsi="http://www.w3.org/2001/XMLSchema-instance"
    xsi:schemaLocation="http://www.loc.gov/MARC21/slim http://www.loc.gov/standards/marcxml/schema/MARC21slim.xsd"
    xmlns="http://www.loc.gov/MARC21/slim">

  <leader>00908nam a22002417a 4500</leader>
  <controlfield tag="005">20250915162750.0</controlfield>
  <controlfield tag="008">250915b        |||||||| |||| 00| 0 eng d</controlfield>
  <datafield tag="040" ind1=" " ind2=" ">
    <subfield code="c">AL</subfield>
  </datafield>
  <datafield tag="041" ind1=" " ind2=" ">
    <subfield code="a">Kannada</subfield>
  </datafield>
  <datafield tag="082" ind1=" " ind2=" ">
    <subfield code="a">K894.9</subfield>
    <subfield code="b">BUDM</subfield>
  </datafield>
  <datafield tag="100" ind1=" " ind2=" ">
    <subfield code="a">Budaraju Radhakrishna</subfield>
    <subfield code="9">238687</subfield>
  </datafield>
  <datafield tag="100" ind1=" " ind2=" ">
    <subfield code="d">&#xCAC;&#xCC2;&#xCA6;&#xCB0;&#xCBE;&#xC9C;&#xCC1; &#xCB0;&#xCBE;&#xCA7;&#xCBE;&#xC95;&#xCC3;&#xCB7;&#xCCD;&#xCA3; </subfield>
    <subfield code="9">238688</subfield>
  </datafield>
  <datafield tag="245" ind1=" " ind2=" ">
    <subfield code="a">Mahakavi shri shri</subfield>
    <subfield code="b">&#xCAE;&#xCB9;&#xCBE;&#xC95;&#xCB5;&#xCBF; &#xCB6;&#xCCD;&#xCB0;&#xCC0; &#xCB6;&#xCCD;&#xCB0;&#xCC0; </subfield>
  </datafield>
  <datafield tag="260" ind1=" " ind2=" ">
    <subfield code="a">New Delhi</subfield>
    <subfield code="b">Sahitya Akademy</subfield>
    <subfield code="c">2005</subfield>
  </datafield>
  <datafield tag="300" ind1=" " ind2=" ">
    <subfield code="a">95 p.</subfield>
    <subfield code="b">PB</subfield>
    <subfield code="c">21x14 cm.</subfield>
  </datafield>
  <datafield tag="365" ind1=" " ind2=" ">
    <subfield code="a">3046-3047</subfield>
    <subfield code="b">&#x20B9;20.00</subfield>
    <subfield code="c">&#x20B9;</subfield>
    <subfield code="d">&#x20B9;25.00</subfield>
    <subfield code="f">14-08-2025</subfield>
  </datafield>
  <datafield tag="440" ind1=" " ind2=" ">
    <subfield code="a">Bharatiya Sahitya Nirmapakaru  </subfield>
    <subfield code="9">238689</subfield>
  </datafield>
  <datafield tag="440" ind1=" " ind2=" ">
    <subfield code="a">&#xCAD;&#xCBE;&#xCB0;&#xCA4;&#xCC0;&#xCAF; &#xCB8;&#xCBE;&#xCB9;&#xCBF;&#xCA4;&#xCCD;&#xCAF; &#xCA8;&#xCBF;&#xCB0;&#xCCD;&#xCAE;&#xCBE;&#xCAA;&#xC95;&#xCB0;&#xCC1;       </subfield>
    <subfield code="9">238690</subfield>
  </datafield>
  <datafield tag="650" ind1=" " ind2=" ">
    <subfield code="a">Monograph</subfield>
    <subfield code="9">238691</subfield>
  </datafield>
  <datafield tag="700" ind1=" " ind2=" ">
    <subfield code="a">Gurumurthy,Pendakur tr</subfield>
    <subfield code="9">238692</subfield>
  </datafield>
  <datafield tag="700" ind1=" " ind2=" ">
    <subfield code="a">&#xC97;&#xCC1;&#xCB0;&#xCC1;&#xCAE;&#xCC2;&#xCB0;&#xCCD;&#xCA4;&#xCBF; &#xCAA;&#xCC6;&#xC82;&#xCA1;&#xC95;&#xCC2;&#xCB0;&#xCC1; </subfield>
    <subfield code="9">238693</subfield>
  </datafield>
  <datafield tag="942" ind1=" " ind2=" ">
    <subfield code="2">ddc</subfield>
    <subfield code="c">BK</subfield>
  </datafield>
  <datafield tag="999" ind1=" " ind2=" ">
    <subfield code="c">240445</subfield>
    <subfield code="d">240445</subfield>
  </datafield>
  <datafield tag="952" ind1=" " ind2=" ">
    <subfield code="0">0</subfield>
    <subfield code="1">0</subfield>
    <subfield code="2">ddc</subfield>
    <subfield code="4">0</subfield>
    <subfield code="7">0</subfield>
    <subfield code="8">KAN</subfield>
    <subfield code="a">AL</subfield>
    <subfield code="b">AL</subfield>
    <subfield code="c">SK</subfield>
    <subfield code="d">2025-08-22</subfield>
    <subfield code="e">Sahitya Akademi, Bangalore-560001</subfield>
    <subfield code="g">20.00</subfield>
    <subfield code="l">0</subfield>
    <subfield code="o">K894.9 BUDM</subfield>
    <subfield code="p">077820</subfield>
    <subfield code="r">2025-09-15 16:28:46</subfield>
    <subfield code="v">25.00</subfield>
    <subfield code="w">2025-08-14</subfield>
    <subfield code="y">BK</subfield>
  </datafield>
</record>
